000 00567cam a2200193ua 4500
001 12172
008 200226n ii |||gr||||Z||||||eng
020 _a9788183162692
040 _cMAIN
082 _a370.54
100 _aS P Ruhela,
_eAuthor.
245 _aIndias national educational policy and development :
_btoday and tomorrow /
_cBy S P Ruhela and Raj Kumar Nayak .
250 _a1st ed. /
_bV.I.
260 _aHyderabad:
_bNeelkamal publications,
_c2011.
300 _a260p.
653 _aEducation
700 _aRaj Kumar Nayak,
_eAuthor.
942 _cBK
999 _c10932
_d10932